Abolido esplendor (Record no. 189228)

MARC details
000 -LEADER
campo de control de longitud fija 01176nam a2200289 i 4500
001 - NÚMERO DE CONTROL
campo de control 189228
003 - IDENTIFICADOR DE NÚMERO DE CONTROL
campo de control SpMaBN
005 - FECHA Y HORA DE LA ÚLTIMA TRANSACCIÓN
campo de control 20250803000243.0
008 - DATOS DE LONGITUD FIJA--INFORMACIÓN GENERAL
campo de control de longitud fija 190429s2017 sp |||| |dspa d
020 ## - NÚMERO INTERNACIONAL ESTÁNDAR DEL LIBRO
Número Internacional Estándar del Libro 978-84-16923-05-2
080 ## - NÚMERO DE LA CLASIFICACIÓN DECIMAL UNIVERSAL
Número de la Clasificación Decimal Universal 821.134.2 Panero, Juan Luis 1.07
245 00 - MENCIÓN DEL TÍTULO
Título Abolido esplendor
Resto del título : en torno a la poesía de Juan Luis Panero /
Mención de responsabilidad, etc. Javier Huerta Calvo (ed.).
250 ## - MENCION DE EDICION
Mención de edición 1ª ed.
260 ## - PUBLICACIÓN, DISTRIBUCIÓN, ETC.
Lugar de publicación, distribución, etc. Madrid :
Nombre del editor, distribuidor, etc. Antígona,
Fecha de publicación, distribución, etc. 2017.
300 ## - DESCRIPCIÓN FÍSICA
Extensión 152 p. ;
Dimensiones 21 cm.
490 1# - MENCIÓN DE SERIE
Mención de serie Crítica ;
Designación de volumen o secuencia 18
504 ## - NOTA DE BIBLIOGRAFÍA, ETC.
Nota de bibliografía, etc. Bibliografía: p. 143-151.
505 8# - NOTA DE CONTENIDO CON FORMATO
Nota de contenido con formato Contiene: ;
Título Pequeña antología poética de Juan Luis Panero ;
-- Breve noticia de un libro inédito de Juan Luis Panero: "Las visitas de Hieronimus Bosch" /
Mención de responsabilidad por Javier Huerta Calvo
600 17 - PUNTO DE ACCESO ADICIONAL DE MATERIA--NOMBRE DE PERSONA
Nombre de persona Panero, Juan Luis.
9 (RLIN) 88765
700 1# - ENTRADA AGREGADA--NOMBRE PERSONAL
Nombre de persona Huerta Calvo, Javier
9 (RLIN) 64560
700 1# - ENTRADA AGREGADA--NOMBRE PERSONAL
Nombre de persona Panero, Juan Luis.
9 (RLIN) 88765
830 00 - PUNTO DE ACCESO ADICIONAL DE SERIE-TÍTULO UNIFORME
Título uniforme Crítica
Designación de volumen o secuencia 18
9 (RLIN) 187746
852 ## - LOCALIZACIÓN
Ubicación ES-MaACL
Número de control de estantería A-14517
itemnumber 196366
Sublocalización o colección R.151751
Ubicación en estantería Depósito 1
Signatura antigua Olim: N-7517
Anotaciones manuscritas Dedicatoria autógrafa del editor literario
Donativo/Legado Donación: Javier Huerta Calvo
903 ## - NOMBRE PERSONAL DE DONANTE
9 64560
a Huerta Calvo, Javier
e Donante
942 ## - ELEMENTOS DE ENTRADA SECUNDARIOS (KOHA)
Fuente del sistema de clasificación o colocación Clasificación decimal universal
Tipo de ítem Koha Libro impreso
Holdings
Estatus retirado Estado de pérdida Fuente del sistema de clasificación o colocación Estado de daño No para préstamo Biblioteca de origen Biblioteca actual Ubicación en estantería Fecha de adquisición Fuente de adquisición Total de préstamos Signatura topográfica completa Código de barras Visto por última vez Precio de reemplazo Tipo de ítem Koha Nota pública
    Clasificación decimal universal     Biblioteca del Ateneo de Madrid Biblioteca del Ateneo de Madrid Depósito 1 29/04/2019 Donación   A-14517 1200428 23/02/2023 23/02/2023 Libro impreso Dedicatoria autógrafa del editor